[Event "Mittelfrankenliga 05/06 (B2b)"]
[Site "Mfr.2005/06-R2"]
[Date "2005.11.20"]
[Round "2.8"]
[White "Perner, Bastian"]
[Black "Uhlendorff, Daniel"]
[Result "0-1"]
[WhiteElo "1581"]
[BlackElo "1697"]
[Annotator "Heideck1-SK Schwabach2"]
[PlyCount "108"]
[EventDate "2005.11.20"]
[SourceDate "2005.10.17"]

1. e4 c5 2. Nf3 Nc6 3. d4 cxd4 4. Nxd4 Qb6 5. Nxc6 dxc6 6. Nc3 e5 7. Rb1 Bc5 8.
Qe2 Be6 9. Bd2 Rd8 10. Na4 Bxf2+ 11. Kd1 Qd4 12. Kc1 Bc4 13. c3 Bxe2 14. cxd4
Bxf1 15. Rxf1 Bxd4 16. Kc2 Nf6 17. Rbe1 O-O 18. Bg5 Rd6 19. Nc3 Re8 20. Rd1 Ng4
21. h3 Rg6 22. Bc1 Nh2 23. Rf5 Rxg2+ 24. Kb1 Re6 25. a4 h6 26. Rh5 Rf6 27. Rf5
Rxf5 28. exf5 Rf2 29. Ne4 Rxf5 30. Nd6 Rf1 31. Rxf1 Nxf1 32. Nxb7 Be3 33. Nd8
c5 34. Nc6 Bd4 35. Nxa7 e4 36. Kc2 Kf8 37. Nc6 Ke8 38. Nxd4 cxd4 39. h4 Kd7 40.
b4 Kc6 41. b5+ Kb6 42. h5 Ng3 43. Bf4 Nxh5 44. Be5 d3+ 45. Kd2 Nf6 46. Bd4+ Kb7
47. a5 Nd7 48. Bxg7 h5 49. a6+ Ka7 50. Bd4+ Nb6 51. Be3 h4 52. Ke1 h3 53. Kf2
Ka8 54. Kg3 Nc4 0-1

[Event "Mittelfrankenliga 05/06 (B2b)"]
[Site "Mfr.2005/06-R2"]
[Date "2005.11.20"]
[Round "2.1"]
[White "Wittmann, Helmut"]
[Black "Alsheimer, Christoph"]
[Result "1/2-1/2"]
[WhiteElo "2111"]
[BlackElo "2058"]
[Annotator "Bechhofen1-BSGW Erlangen1"]
[PlyCount "45"]
[EventDate "2005.11.20"]
[SourceDate "2005.10.17"]

1. d4 Nf6 2. c4 e6 3. g3 d5 4. Bg2 c6 5. Qc2 Bd6 6. Nf3 Nbd7 7. O-O O-O 8. Bf4
Bxf4 9. gxf4 b6 10. Nc3 Bb7 11. Ne5 Re8 12. Rad1 Qc7 13. cxd5 Nxd5 14. e3 Nxe5
15. dxe5 Nxc3 16. bxc3 Red8 17. Rxd8+ Rxd8 18. Rd1 Rd7 19. Qa4 Kf8 20. Rxd7
Qxd7 21. Qxa7 Qd1+ 22. Bf1 Qg4+ 23. Bg2 1/2-1/2

[Event "Mittelfrankenliga 05/06 (B2b)"]
[Site "Mfr.2005/06-R2"]
[Date "2005.11.20"]
[Round "2.2"]
[White "Lutz, Thomas"]
[Black "Lange, Carsten[65]"]
[Result "1-0"]
[WhiteElo "1975"]
[BlackElo "1957"]
[Annotator "Bechhofen1-BSGW Erlangen1"]
[PlyCount "53"]
[EventDate "2005.11.20"]
[SourceDate "2005.10.17"]

1. Nf3 Nf6 2. c4 g6 3. Nc3 Bg7 4. e4 c5 5. d3 Nc6 6. h3 d6 7. Bg5 a6 8. g3 Rb8
9. a4 Bd7 10. Rc1 Qa5 11. Bd2 Qd8 12. Bg2 O-O 13. O-O Ne8 14. Kh2 Nc7 15. Ne1
b5 16. axb5 axb5 17. cxb5 Nxb5 18. Nxb5 Rxb5 19. Bc3 Nd4 20. Ra1 Qb8 21. f4 f5
22. Rf2 fxe4 23. dxe4 e5 24. f5 gxf5 25. exf5 Rxf5 26. Rxf5 Bxf5 27. Ra8 1-0

[Event "Mittelfrankenliga 05/06 (B2b)"]
[Site "Mfr.2005/06-R2"]
[Date "2005.11.20"]
[Round "2.3"]
[White "Bous, Florian"]
[Black "Judas, Sven"]
[Result "1-0"]
[WhiteElo "1943"]
[BlackElo "2099"]
[Annotator "Bechhofen1-BSGW Erlangen1"]
[PlyCount "59"]
[EventDate "2005.11.20"]
[SourceDate "2005.10.17"]

1. d4 Nf6 2. c4 c5 3. d5 e6 4. Nc3 exd5 5. cxd5 d6 6. h3 a6 7. a4 g6 8. e4 Bg7
9. Bd3 Qc7 10. Nf3 O-O 11. O-O Nbd7 12. Bf4 Re8 13. Re1 c4 14. Bf1 Rb8 15. a5
b5 16. axb6 Rxb6 17. Nd2 Nh5 18. Bh2 Rxb2 19. Qc1 Rb4 20. g4 Nhf6 21. Qa3 Qc5
22. Na4 Rxa4 23. Qxa4 Nb6 24. Qa3 Qxa3 25. Rxa3 Nbxd5 26. Bxc4 Bh6 27. Nf3 Nf4
28. Bf1 g5 29. Bxf4 gxf4 30. g5 1-0

[Event "Mittelfrankenliga 05/06 (B2b)"]
[Site "Mfr.2005/06-R2"]
[Date "2005.11.20"]
[Round "2.4"]
[White "Boese, Klaus"]
[Black "Reinders, Rudolf"]
[Result "1-0"]
[WhiteElo "2020"]
[BlackElo "1902"]
[Annotator "Bechhofen1-BSGW Erlangen1"]
[PlyCount "71"]
[EventDate "2005.11.20"]
[SourceDate "2005.10.17"]

1. d4 Nf6 2. Bf4 e6 3. c3 d5 4. Nf3 Be7 5. e3 b6 6. Bd3 c5 7. Nbd2 c4 8. Bc2
Nc6 9. e4 b5 10. O-O dxe4 11. Nxe4 Bb7 12. Qe2 Nxe4 13. Bxe4 Bd6 14. Bxd6 Qxd6
15. Rfe1 O-O 16. Ne5 g6 17. h4 Rae8 18. h5 f5 19. Bxc6 Bxc6 20. hxg6 hxg6 21.
Nxg6 Rf6 22. Qe5 Qd8 23. Nf4 Kf7 24. Re3 Rh6 25. Rg3 Rf6 26. f3 a6 27. Kf2 Bd7
28. Rh1 Rh8 29. Nh5 Rh7 30. Nxf6 Rxh1 31. Nxd7 Rh7 32. Qd6 Rh8 33. Ne5+ Ke8 34.
Qxe6+ Qe7 35. Qxe7+ Kxe7 36. Ng6+ 1-0

[Event "Mittelfrankenliga 05/06 (B2b)"]
[Site "Mfr.2005/06-R2"]
[Date "2005.11.20"]
[Round "2.5"]
[White "Schiller, Angel"]
[Black "Kaiser, Harald[66]"]
[Result "0-1"]
[WhiteElo "1780"]
[BlackElo "1873"]
[Annotator "Bechhofen1-BSGW Erlangen1"]
[PlyCount "150"]
[EventDate "2005.11.20"]
[SourceDate "2005.10.17"]

1. e4 d6 2. d4 Nf6 3. Bd3 e5 4. d5 c6 5. c4 cxd5 6. cxd5 Be7 7. Ne2 O-O 8. O-O
a6 9. Nbc3 Nbd7 10. Ng3 Re8 11. a4 b6 12. b4 Nf8 13. h3 Ng6 14. Nce2 h6 15. Be3
Nh7 16. Qd2 Bg5 17. Bxg5 hxg5 18. Nf5 Bxf5 19. exf5 Nf4 20. Be4 Nf6 21. f3
Nxe2+ 22. Qxe2 Nd7 23. Rfc1 a5 24. Qb5 axb4 25. Rc6 Ra5 26. Qxb4 Rc5 27. Rb1
Qe7 28. Kh2 f6 29. g4 Ra8 30. Kg3 Kf7 31. Rh1 Rh8 32. h4 gxh4+ 33. Rxh4 Rxh4
34. Kxh4 Qf8 35. Qd2 Ke7 36. Kg3 Qh8 37. Rxc5 Nxc5 38. Qb4 Qh1 39. Kf2 Qh2+ 40.
Kf1 Qh1+ 41. Ke2 Qg2+ 42. Kd1 Qf1+ 43. Kc2 Qa6 44. Qb5 Qxa4+ 45. Qxa4 Nxa4 46.
Bd3 Kd8 47. Bb5 Nc5 48. Kc3 Kc7 49. Kb4 Nb7 50. Be2 Nd8 51. Kc3 Nf7 52. Kd2 Ng5
53. Ke1 Nh3 54. Ba6 Nf4 55. Bc4 b5 56. Bxb5 Nxd5 57. Kd2 Kb6 58. Bf1 Kc5 59.
Kd3 Nf4+ 60. Kc3 d5 61. Ba6 d4+ 62. Kd2 Kb4 63. Bf1 Nd5 64. Ba6 Kb3 65. Bb7 Ne3
66. Ba6 Kb2 67. Be2 Nd5 68. Bc4 Nc3 69. Kd3 Na4 70. f4 Nc5+ 71. Kd2 e4 72. g5
e3+ 73. Ke2 Kc3 74. Bb5 Ne4 75. Kf3 Nd6 0-1

[Event "Mittelfrankenliga 05/06 (B2b)"]
[Site "Mfr.2005/06-R2"]
[Date "2005.11.20"]
[Round "2.6"]
[White "Lutz, Rainer"]
[Black "Bernard, Benjamin"]
[Result "1/2-1/2"]
[WhiteElo "1834"]
[BlackElo "1762"]
[Annotator "Bechhofen1-BSGW Erlangen1"]
[PlyCount "116"]
[EventDate "2005.11.20"]
[SourceDate "2005.10.17"]

1. e4 e6 2. d4 d5 3. Nd2 Nf6 4. e5 Nfd7 5. Bd3 c5 6. c3 Nc6 7. Ndf3 cxd4 8.
cxd4 Bb4+ 9. Bd2 Qa5 10. Ne2 Bxd2+ 11. Qxd2 Qxd2+ 12. Kxd2 Nb6 13. Rac1 Bd7 14.
b3 Rc8 15. Nc3 a6 16. Ke3 Ke7 17. Rhd1 f6 18. Ne2 h6 19. Nh4 Be8 20. f4 f5 21.
Nf3 Bf7 22. h3 Nb4 23. Bb1 Rxc1 24. Rxc1 Rc8 25. a3 Rxc1 26. Nxc1 Nc6 27. g4 g6
28. Nd3 Nd7 29. Nb2 Nb6 30. Nh2 Be8 31. Bc2 Na7 32. a4 Nc6 33. Nd3 Nd7 34. Nf3
Kf7 35. Kd2 Ke7 36. Kc3 Kd8 37. Nb4 Nxb4 38. Kxb4 Kc7 39. Nh2 Nb8 40. Nf1 Nc6+
41. Kc3 a5 42. Ne3 Nb4 43. Bd1 b5 44. g5 h5 45. Ng2 Na2+ 46. Kd2 b4 47. Bc2 Nc3
48. Ke3 Kd7 49. Ne1 Kc7 50. Nd3 Ne4 51. Bd1 Nc3 52. Bf3 Bf7 53. Nc5 Kb6 54. Bg2
Nd1+ 55. Ke2 Nc3+ 56. Kd2 Nb1+ 57. Kc2 Nc3 58. Bf1 Ne4 1/2-1/2

[Event "Mittelfrankenliga 05/06 (B2b)"]
[Site "Mfr.2005/06-R2"]
[Date "2005.11.20"]
[Round "2.7"]
[White "Reincke, Peter Uwe"]
[Black "Kurz, Christian"]
[Result "0-1"]
[WhiteElo "1679"]
[BlackElo "1759"]
[Annotator "Bechhofen1-BSGW Erlangen1"]
[PlyCount "92"]
[EventDate "2005.11.20"]
[SourceDate "2005.10.17"]

1. c4 Nf6 2. Nc3 g6 3. d4 Bg7 4. e4 d6 5. f4 O-O 6. Nf3 c5 7. d5 e6 8. Bd3 exd5
9. cxd5 Bg4 10. O-O Re8 11. Qc2 Nbd7 12. Bd2 a6 13. a4 Qc7 14. h3 Bxf3 15. Rxf3
c4 16. Be2 b5 17. axb5 axb5 18. Rxa8 Rxa8 19. Kh2 Qb7 20. Nd1 Nc5 21. Nf2 Re8
22. Re3 Qb6 23. Bf3 Nb3 24. Ng4 Qd4 25. Nxf6+ Bxf6 26. Bc1 Nxc1 27. Qxc1 Qxb2
28. Qe1 Qd4 29. Ra3 Qc5 30. Ra6 Bg7 31. Qb1 Rb8 32. Rc6 Qe3 33. Rxc4 Qxf4+ 34.
Kh1 Be5 35. Kg1 Ra8 36. Rc1 Ra1 37. Qxa1 Bxa1 38. Rxa1 Qe3+ 39. Kh1 b4 40. Rb1
Qc3 41. Bd1 Kg7 42. Bb3 Qd3 43. Rb2 h5 44. Ba2 Qa3 45. Rf2 b3 46. Bb1 Qc1+ 0-1

[Event "Mittelfrankenliga 05/06 (B2b)"]
[Site "Mfr.2005/06-R2"]
[Date "2005.11.20"]
[Round "2.8"]
[White "Lechner, Hans-Dieter"]
[Black "Mueller, Werner[52]"]
[Result "1/2-1/2"]
[WhiteElo "1765"]
[BlackElo "1738"]
[Annotator "Bechhofen1-BSGW Erlangen1"]
[PlyCount "103"]
[EventDate "2005.11.20"]
[SourceDate "2005.10.17"]

1. e4 g6 2. d4 Bg7 3. Nf3 d6 4. Bd3 Nc6 5. c3 e5 6. dxe5 Nxe5 7. Nxe5 Bxe5 8.
Nd2 Ne7 9. Nf3 Bg7 10. Qb3 O-O 11. Be3 Be6 12. Qc2 c6 13. O-O d5 14. Ng5 dxe4
15. Nxe4 Bf5 16. Rad1 Nd5 17. Bc5 Re8 18. Nd6 Bxd3 19. Qxd3 Re5 20. Ne4 Qh4 21.
f3 Nf4 22. Qd2 Rd5 23. Qe1 Qh5 24. Be3 Ne6 25. Qe2 Rad8 26. Rxd5 Qxd5 27. b3 a6
28. Nf2 Qe5 29. Re1 Qxc3 30. Ne4 Qd3 31. Bb6 Qxe2 32. Rxe2 Rd1+ 33. Kf2 Bd4+
34. Bxd4 Nxd4 35. Nf6+ Kg7 36. Ne8+ Kf8 37. Re4 Ne6 38. Nf6 Rd2+ 39. Re2 Rxe2+
40. Kxe2 Nf4+ 41. Kf2 h6 42. Nd7+ Ke7 43. Nc5 b6 44. Nxa6 Nd3+ 45. Ke3 Nc1 46.
Nb4 c5 47. Nd5+ Kd6 48. Nxb6 Nxa2 49. Nc4+ Kd5 50. Nb6+ Kc6 51. Nc4 Kd5 52.
Nb6+ 1/2-1/2

[Event "Mittelfrankenliga 05/06 (B2b)"]
[Site "Mfr.2005/06-R2"]
[Date "2005.11.20"]
[Round "2.1"]
[White "Muenster, Erich"]
[Black "Diehl, Achim"]
[Result "1-0"]
[WhiteElo "2024"]
[BlackElo "1956"]
[Annotator "SWNbg3-Heilsbronn1"]
[PlyCount "51"]
[EventDate "2005.11.20"]
[SourceDate "2005.10.17"]

1. e4 c5 2. Nf3 e6 3. Nc3 a6 4. a4 b6 5. Bc4 Qc7 6. O-O d6 7. Bb3 Nf6 8. d4 Bb7
9. Re1 cxd4 10. Nxd4 Nbd7 11. Bg5 Qc5 12. Qd2 Rc8 13. Rad1 h6 14. Bh4 Qh5 15.
Bg3 Ne5 16. Kh1 Nc4 17. Bxc4 Rxc4 18. Nf5 exf5 19. exf5+ Kd7 20. Bxd6 Bxd6 21.
Qxd6+ Kc8 22. Nd5 Nxd5 23. Rxd5 Rh4 24. Rd3 Rc4 25. Qd7+ Kb8 26. Re7 1-0

[Event "Mittelfrankenliga 05/06 (B2b)"]
[Site "Mfr.2005/06-R2"]
[Date "2005.11.20"]
[Round "2.2"]
[White "Werner, Thomas[65]"]
[Black "Roeschinger, Udo"]
[Result "1/2-1/2"]
[WhiteElo "1871"]
[BlackElo "1878"]
[Annotator "SWNbg3-Heilsbronn1"]
[PlyCount "166"]
[EventDate "2005.11.20"]
[SourceDate "2005.10.17"]

1. d4 d5 2. c4 Nf6 3. Nc3 c6 4. cxd5 cxd5 5. Bf4 a6 6. e3 Nc6 7. Bd3 e6 8. Nf3
Nh5 9. Bg5 Be7 10. Bxe7 Qxe7 11. Rc1 Nf6 12. O-O Qd6 13. Bb1 g6 14. Na4 O-O 15.
Qc2 Bd7 16. Nc5 Rab8 17. Nd3 Rfc8 18. Qc5 Ne4 19. Qxd6 Nxd6 20. Rc2 Kf8 21.
Rfc1 Ke7 22. Nfe5 Nxe5 23. Nxe5 f6 24. Nf3 Nc4 25. b3 Nd6 26. a4 Rxc2 27. Rxc2
Rc8 28. Rxc8 Nxc8 29. Bd3 Kd6 30. Kf1 Be8 31. Ke1 Na7 32. Kd2 b5 33. Kc3 bxa4
34. Bxa6 axb3 35. Kxb3 Bb5 36. Bxb5 Nxb5 37. Kb4 Kc6 38. Ne1 Nd6 39. Nd3 Nc4
40. Kc3 Kd6 41. Ne1 e5 42. dxe5+ fxe5 43. e4 Nb6 44. exd5 Kxd5 45. Kd3 Nd7 46.
Nc2 Nf6 47. Ne3+ Ke6 48. f3 Nd7 49. Ng4 Kf5 50. Ne3+ Ke6 51. Nd1 Nf6 52. Nc3 h6
53. Ne4 Nd5 54. g3 Nb4+ 55. Ke2 Nc2 56. Nc5+ Kd6 57. Nb7+ Kc7 58. Na5 Kd6 59.
Kd3 Nb4+ 60. Ke4 Ke6 61. Nc4 Nc6 62. Ne3 h5 63. Nc4 Kf6 64. Kd5 Ne7+ 65. Kd6
Nf5+ 66. Kd5 Ne7+ 67. Ke4 Nc6 68. Nb6 Ke6 69. Nc4 Kf6 70. Nb2 Ke6 71. Nd3 Kd6
72. f4 exf4 73. Kxf4 Ke6 74. Kg5 Kf7 75. Nf4 Ne5 76. h3 Kg7 77. Ne6+ Kf7 78.
Nf4 Kg7 79. Nxh5+ gxh5 80. Kxh5 Nf3 81. g4 Ne5 82. h4 Kh7 83. Kg5 Nxg4 1/2-1/2

[Event "Mittelfrankenliga 05/06 (B2b)"]
[Site "Mfr.2005/06-R2"]
[Date "2005.11.20"]
[Round "2.3"]
[White "Muenster, Manfred"]
[Black "Konsek, Peter"]
[Result "1/2-1/2"]
[WhiteElo "1923"]
[BlackElo "1942"]
[Annotator "SWNbg3-Heilsbronn1"]
[PlyCount "81"]
[EventDate "2005.11.20"]
[SourceDate "2005.10.17"]

1. e4 c5 2. b4 cxb4 3. Bb2 d5 4. exd5 Qxd5 5. c4 Qe4+ 6. Be2 Qxg2 7. Bf3 Qg6 8.
d4 Bf5 9. Nd2 Bc2 10. Qe2 Nc6 11. Nh3 Qd3 12. Nf4 Qxe2+ 13. Kxe2 Nf6 14. d5 Na5
15. Be5 Rc8 16. Rac1 Bf5 17. Rhg1 g6 18. c5 Bg7 19. c6 bxc6 20. dxc6 O-O 21.
Rc5 Nb7 22. cxb7 Rxc5 23. b8=Q Rxb8 24. Bxb8 Rc2 25. Bxa7 Rxa2 26. Bc5 Bh6 27.
Be3 Ne4 28. Bxe4 Bxe4 29. Nd3 Bxe3 30. Kxe3 Bxd3 31. Kxd3 Ra3+ 32. Ke2 Rh3 33.
Nf3 Rh5 34. Rb1 Rb5 35. Rb3 Kg7 36. Kd3 Rf5 37. Kc4 Rf4+ 38. Kd5 g5 39. Ke5 f6+
40. Ke6 g4 41. Nh4 1/2-1/2

[Event "Mittelfrankenliga 05/06 (B2b)"]
[Site "Mfr.2005/06-R2"]
[Date "2005.11.20"]
[Round "2.4"]
[White "Fuchs, Johann,Dr."]
[Black "Horneber, Thomas"]
[Result "1/2-1/2"]
[WhiteElo "1960"]
[BlackElo "1939"]
[Annotator "SWNbg3-Heilsbronn1"]
[PlyCount "151"]
[EventDate "2005.11.20"]
[SourceDate "2005.10.17"]

1. d4 d6 2. Nf3 g6 3. Bf4 Nf6 4. e3 Bg7 5. h3 Nbd7 6. Be2 c5 7. c3 O-O 8. O-O
b6 9. a4 Bb7 10. a5 a6 11. axb6 Qxb6 12. Nbd2 d5 13. Ne5 cxd4 14. exd4 a5 15.
Qb3 Qxb3 16. Nxb3 a4 17. Nd2 Rfc8 18. Rfc1 Nxe5 19. Bxe5 Nd7 20. Bxg7 Kxg7 21.
f4 e6 22. Ra3 Ba6 23. Bxa6 Rxa6 24. b3 Rca8 25. Rca1 Nb6 26. Kf2 Kf6 27. Ke3 g5
28. fxg5+ Kxg5 29. Nf3+ Kf5 30. Ne5 f6 31. Rf1+ Kg5 32. h4+ Kxh4 33. Rxf6 Kg5
34. Rf7 axb3 35. Rxb3 h5 36. Rg7+ Kh6 37. Rg6+ Kh7 38. Rg5 Kh6 39. Rg6+ Kh7 40.
Rf6 Kg7 41. Rf7+ Kg8 42. Kf4 Nc4 43. Rbb7 Nxe5 44. Kxe5 Rc8 45. Rg7+ Kf8 46.
Kf6 e5+ 47. Kxe5 Rxc3 48. Rh7 Kg8 49. Rhd7 Rc8 50. Rxd5 Rg6 51. Kf4 Rf8+ 52.
Ke3 Rg3+ 53. Ke4 Re8+ 54. Kf4 Rg4+ 55. Kf3 Rf8+ 56. Ke3 Rg3+ 57. Ke4 Re8+ 58.
Re5 Rxe5+ 59. Kxe5 Rxg2 60. d5 Re2+ 61. Kf6 Rd2 62. Rb8+ Kh7 63. Ke6 Re2+ 64.
Kd7 Kg6 65. Rh8 Kg5 66. d6 h4 67. Re8 Rc2 68. Rc8 Rd2 69. Ke7 Re2+ 70. Kd8 h3
71. d7 h2 72. Rc1 Kg4 73. Rd1 Ra2 74. Ke7 Ra7 75. Kd6 Rxd7+ 76. Kxd7 1/2-1/2

[Event "Mittelfrankenliga 05/06 (B2b)"]
[Site "Mfr.2005/06-R2"]
[Date "2005.11.20"]
[Round "2.6"]
[White "Hintyes, Helmuth"]
[Black "Frank, Werner[62]"]
[Result "1-0"]
[WhiteElo "1806"]
[BlackElo "1842"]
[Annotator "SWNbg3-Heilsbronn1"]
[PlyCount "139"]
[EventDate "2005.11.20"]
[SourceDate "2005.10.17"]

1. c4 e5 2. e3 d6 3. Nc3 c6 4. d4 Nf6 5. dxe5 dxe5 6. Qxd8+ Kxd8 7. Nf3 e4 8.
Ng5 Be6 9. Ngxe4 Nbd7 10. Nxf6 gxf6 11. b3 Kc7 12. Bb2 Rg8 13. g3 Bb4 14. a3
Be7 15. Bd3 h5 16. O-O-O Nc5 17. Bc2 Bg4 18. Rd4 Ne6 19. Rd2 Bf3 20. Re1 h4 21.
Bd1 Bg2 22. f4 h3 23. e4 Rad8 24. Rxd8 Rxd8 25. e5 f5 26. Ne2 Bc5 27. Bc2 Be3+
28. Kb1 Bf2 29. Rd1 Rxd1+ 30. Bxd1 Bf1 31. b4 c5 32. Kc1 Nd4 33. Bxd4 cxd4 34.
Kd2 d3 35. Nc3 Bg1 36. Nd5+ Kd8 37. Ne3 Bg2 38. Nxg2 hxg2 39. Bf3 Bxh2 40. Bxg2
Bxg3 41. Bxb7 Bxf4+ 42. Kxd3 Bxe5 43. c5 Kc7 44. Bd5 f6 45. b5 Bh2 46. Kc4 Bg1
47. a4 Bf2 48. a5 Bg1 49. b6+ axb6 50. axb6+ Kb8 51. Kb5 Bh2 52. Kc6 Bg1 53.
Bf3 Bf2 54. Kd6 Bg3+ 55. Kc6 Bf2 56. Kb5 Bg3 57. c6 Bf4 58. Bd5 Bg3 59. Be6 Bf4
60. Bxf5 Bg3 61. Ka6 Bf4 62. Be6 Bg3 63. Kb5 Bf4 64. Bg4 Bg3 65. Kc4 Bh2 66.
Kd5 Bg3 67. Ke6 Kc8 68. Ke7+ Kb8 69. Kd7 Ka8 70. c7 1-0

[Event "Mittelfrankenliga 05/06 (B2b)"]
[Site "Mfr.2005/06-R2"]
[Date "2005.11.20"]
[Round "2.7"]
[White "Heinz, Manfred"]
[Black "Roth, Hans"]
[Result "1-0"]
[WhiteElo "1752"]
[BlackElo "1753"]
[Annotator "SWNbg3-Heilsbronn1"]
[PlyCount "109"]
[EventDate "2005.11.20"]
[SourceDate "2005.10.17"]

1. Nf3 d5 2. c4 c6 3. d4 Nf6 4. Nc3 e6 5. Bg5 Be7 6. e3 Nbd7 7. Bd3 h6 8. Bh4
dxc4 9. Bxc4 O-O 10. O-O Re8 11. Qc2 b6 12. Rfd1 Bb7 13. a4 Qc8 14. e4 c5 15.
d5 exd5 16. exd5 a6 17. Rac1 Bd6 18. Ba2 Qc7 19. Qf5 g6 20. Qc2 Kg7 21. Bg3
Rad8 22. Nh4 Bxg3 23. hxg3 Qd6 24. Bb1 Nf8 25. Ba2 Re5 26. Nf3 Re7 27. Rd2 Rde8
28. Rcd1 N8d7 29. Kf1 Nf8 30. Bc4 Bc8 31. Re2 Ng4 32. Rxe7 Rxe7 33. Ne4 Qd7 34.
d6 Re8 35. Bd5 f6 36. Qc4 Bb7 37. Kg1 Bxd5 38. Qxd5 Ne5 39. a5 Nxf3+ 40. gxf3
Re5 41. Qa8 f5 42. Nc3 Ne6 43. axb6 Nd8 44. Qa7 Nb7 45. Kg2 f4 46. Qxa6 fxg3
47. fxg3 g5 48. Qa4 Qf5 49. Qc6 Nd8 50. Qc7+ Nf7 51. Rd2 Re3 52. Rf2 Qd3 53. d7
g4 54. fxg4 Nd8 55. b7 1-0

[Event "Mittelfrankenliga 05/06 (B2b)"]
[Site "Mfr.2005/06-R2"]
[Date "2005.11.20"]
[Round "2.8"]
[White "Bala, Claudiu"]
[Black "Wiedemann, Jan"]
[Result "1-0"]
[WhiteElo "1650"]
[BlackElo "1622"]
[Annotator "SWNbg3-Heilsbronn1"]
[PlyCount "111"]
[EventDate "2005.11.20"]
[SourceDate "2005.10.17"]

1. c4 Nf6 2. d4 e6 3. Bg5 Be7 4. Nc3 d6 5. Nf3 Nbd7 6. g3 b6 7. Bg2 Bb7 8. O-O
O-O 9. Qd3 a5 10. Rab1 d5 11. cxd5 Nxd5 12. Bxe7 Qxe7 13. a3 Ba6 14. Qc2 N7f6
15. Rfe1 Rac8 16. e4 Nxc3 17. Qxc3 Rfd8 18. Ne5 Bb7 19. b4 Qd6 20. Rbd1 axb4
21. axb4 Ra8 22. Nxf7 Kxf7 23. e5 Qf8 24. Bxb7 Rab8 25. exf6 Rxb7 26. Qc6 Rbb8
27. Qxe6+ Kg6 28. f7+ Kh5 29. Qf5+ Kh6 30. Re6+ g6 31. h4 Rd6 32. Qg5+ Kg7 33.
Rde1 Kxf7 34. Re7+ Kg8 35. R1e4 Rf6 36. Qe3 Rf3 37. Qe2 Qf6 38. Re8+ Rxe8 39.
Rxe8+ Kf7 40. Re4 Kf8 41. Kg2 Rf5 42. Qe3 Qc6 43. Kh3 Qb5 44. Kg2 Qc6 45. Kh2
Qf6 46. Qh6+ Kf7 47. Qxh7+ Kf8 48. f4 Rb5 49. Qxc7 Rxb4 50. Qc8+ Kg7 51. Qd7+
Kh6 52. Re7 Qh8 53. Qd5 Qf6 54. Qg5+ Qxg5 55. hxg5+ Kh5 56. Kh3 1-0

[Event "Mittelfrankenliga 05/06 (B1)"]
[Site "Mfr.2005/06-R3"]
[Date "2005.12.04"]
[Round "3.1"]
[White "Kroneder, Christian"]
[Black "Hoermann, Gunther"]
[Result "1-0"]
[WhiteElo "2077"]
[BlackElo "2131"]
[Annotator "Cadolzburg1-Schwanstetten1"]
[PlyCount "97"]
[EventDate "2005.12.04"]
[SourceDate "2005.10.17"]

1. Nf3 Nf6 2. c4 e6 3. Nc3 Bb4 4. g3 O-O 5. Bg2 d5 6. d4 c5 7. O-O dxc4 8. Bg5
Bxc3 9. bxc3 Nbd7 10. Qc2 h6 11. Bf4 Qe7 12. dxc5 Qxc5 13. e4 e5 14. Be3 Qc7
15. Nh4 Nc5 16. h3 b5 17. f4 Nh5 18. Qf2 Nd3 19. Qf3 exf4 20. gxf4 Nhxf4 21.
Bxf4 Qxf4 22. Qxf4 Nxf4 23. Rxf4 g5 24. Rf6 Kg7 25. e5 Rb8 26. Nf3 b4 27. cxb4
Rxb4 28. Nd4 c3 29. Nc6 Rb2 30. Rc1 c2 31. Rf2 Rxa2 32. Rfxc2 Rxc2 33. Rxc2 f6
34. Nxa7 Bf5 35. Rc7+ Kh8 36. Nc6 fxe5 37. Nxe5 Rf6 38. Bd5 Bg6 39. Rc8+ Kh7
40. Rc7+ Kh8 41. Nd7 Rd6 42. Rc8+ Kh7 43. Rd8 Ra6 44. Nc5 Ra7 45. Kg2 Re7 46.
Ne6 Bf7 47. Be4+ Bg6 48. Nf8+ Kg7 49. Bxg6 1-0

[Event "Mittelfrankenliga 05/06 (B1)"]
[Site "Mfr.2005/06-R3"]
[Date "2005.12.04"]
[Round "3.3"]
[White "Manthey, Frank"]
[Black "Strobel, Norbert"]
[Result "1-0"]
[WhiteElo "2018"]
[BlackElo "1998"]
[Annotator "Cadolzburg1-Schwanstetten1"]
[PlyCount "47"]
[EventDate "2005.12.04"]
[SourceDate "2005.10.17"]

1. e4 g6 2. d4 Bg7 3. Nc3 d6 4. f4 e6 5. Nf3 Ne7 6. Be3 b6 7. Qd2 Ba6 8. Bxa6
Nxa6 9. O-O-O O-O 10. g4 d5 11. e5 c5 12. h4 cxd4 13. Nxd4 Qc8 14. g5 Rd8 15.
h5 Nc6 16. hxg6 hxg6 17. Rh3 Nxd4 18. Bxd4 Kf8 19. Rh7 Nc5 20. Qh2 Ne4 21. Rxg7
Kxg7 22. Qh6+ Kg8 23. Rh1 f6 24. Qh8+ 1-0

[Event "Mittelfrankenliga 05/06 (B1)"]
[Site "Mfr.2005/06-R3"]
[Date "2005.12.04"]
[Round "3.4"]
[White "Metzenroth, Dieter"]
[Black "Arlt, Michael"]
[Result "0-1"]
[WhiteElo "1855"]
[BlackElo "1944"]
[Annotator "Cadolzburg1-Schwanstetten1"]
[PlyCount "66"]
[EventDate "2005.12.04"]
[SourceDate "2005.10.17"]

1. d4 Nf6 2. Bg5 c5 3. d5 Qb6 4. Bxf6 Qxf6 5. Nc3 a6 6. a4 g6 7. Nf3 Bg7 8. a5
b5 9. axb6 Qxb6 10. Na4 Qc7 11. e4 d6 12. Nd2 Nd7 13. Be2 Rb8 14. c3 Nf6 15.
O-O O-O 16. Qc2 Qb7 17. Nc4 Bd7 18. Rfe1 Bb5 19. Rad1 Nxe4 20. Qxe4 Bxa4 21.
Na5 Qd7 22. Ra1 Bb5 23. Bxb5 Rxb5 24. Nc4 Qb7 25. Qxe7 Qxd5 26. Nxd6 Rxb2 27.
Ne4 Qf5 28. Qxc5 Qxc5 29. Nxc5 Bxc3 30. Rf1 Rb5 31. Nd7 Bxa1 32. Nxf8 Bd4 33.
Nd7 Rb7 0-1

[Event "Mittelfrankenliga 05/06 (B1)"]
[Site "Mfr.2005/06-R3"]
[Date "2005.12.04"]
[Round "3.5"]
[White "Cipra, Lothar"]
[Black "Zwingel, Stephan"]
[Result "1/2-1/2"]
[WhiteElo "1908"]
[BlackElo "1913"]
[Annotator "Cadolzburg1-Schwanstetten1"]
[PlyCount "53"]
[EventDate "2005.12.04"]
[SourceDate "2005.10.17"]

1. d4 Nf6 2. c4 g6 3. Nc3 d5 4. cxd5 Nxd5 5. e4 Nxc3 6. bxc3 Bg7 7. Be3 c5 8.
Bc4 O-O 9. Ne2 cxd4 10. cxd4 Nc6 11. O-O e6 12. Qd2 Na5 13. Bd3 e5 14. d5 b6
15. Rac1 Bd7 16. Bh6 Nb7 17. Bxg7 Kxg7 18. f4 f6 19. fxe5 fxe5 20. Rxf8 Qxf8
21. Qc3 Qc5+ 22. Kh1 Qxc3 23. Rxc3 Nc5 24. Bc2 Bb5 25. Nc1 Rf8 26. Rf3 Rc8 27.
Rc3 1/2-1/2

[Event "Mittelfrankenliga 05/06 (B1)"]
[Site "Mfr.2005/06-R3"]
[Date "2005.12.04"]
[Round "3.6"]
[White "Truempelmann, Jochen"]
[Black "Vogt, Peter[62]"]
[Result "1/2-1/2"]
[WhiteElo "1947"]
[BlackElo "1870"]
[Annotator "Cadolzburg1-Schwanstetten1"]
[PlyCount "59"]
[EventDate "2005.12.04"]
[SourceDate "2005.10.17"]

1. e4 c5 2. d4 cxd4 3. c3 dxc3 4. Nxc3 e6 5. Bc4 a6 6. Nf3 d6 7. O-O Be7 8. Qe2
b5 9. Bb3 Bb7 10. Rd1 Nd7 11. Bf4 Qb8 12. e5 Bxf3 13. Qxf3 Nxe5 14. Bxe5 dxe5
15. Qc6+ Kf8 16. Ne4 Nf6 17. Nxf6 Bxf6 18. Rd7 Qe8 19. Rad1 g6 20. h3 Kg7 21.
Bxe6 Rf8 22. Bb3 e4 23. Qb7 e3 24. fxe3 Qxe3+ 25. Kh1 Bxb2 26. Bxf7 Kh6 27. Bb3
Rh8 28. Qd5 Rae8 29. Qd2 Qxd2 30. R7xd2 1/2-1/2

[Event "Mittelfrankenliga 05/06 (B1)"]
[Site "Mfr.2005/06-R3"]
[Date "2005.12.04"]
[Round "3.7"]
[White "Kotissek, Ulrich"]
[Black "Kollitz, Carsten"]
[Result "1-0"]
[WhiteElo "1884"]
[BlackElo "1708"]
[Annotator "Cadolzburg1-Schwanstetten1"]
[PlyCount "109"]
[EventDate "2005.12.04"]
[SourceDate "2005.10.17"]

1. d4 d5 2. Nf3 Nf6 3. g3 Bg4 4. Bg2 e6 5. O-O c5 6. c3 Nc6 7. Nbd2 Qb6 8. Nb3
c4 9. Nbd2 Be7 10. h3 Bh5 11. Nh4 O-O 12. Nhf3 Rfd8 13. g4 Bg6 14. Nh4 Rac8 15.
Nxg6 hxg6 16. f4 Qc7 17. Nf3 b5 18. Ne5 Qd6 19. Qc2 Rc7 20. f5 exf5 21. gxf5
Rcc8 22. Nxc6 Qxc6 23. fxg6 Rf8 24. Bf4 Nh5 25. gxf7+ Rxf7 26. Be5 Rcf8 27.
Rxf7 Rxf7 28. Rf1 Rxf1+ 29. Kxf1 Qe6 30. e3 Bh4 31. Qe2 Qf7+ 32. Qf3 Nf6 33.
Bxf6 Qxf6 34. Qxf6 gxf6 35. Bxd5+ Kg7 36. Bc6 Bg5 37. Kf2 a6 38. Bb7 a5 39. Ba6
b4 40. Bxc4 Kg6 41. Bd3+ Kh5 42. c4 Bh4+ 43. Kf3 Be1 44. Ke2 Bg3 45. b3 Kh4 46.
Bf5 Kg5 47. e4 Bh2 48. c5 Kh6 49. Kd3 Kg7 50. Kc4 Kf7 51. Kb5 Bc7 52. Kc6 Bb8
53. Kb6 Bf4 54. Kxa5 Bd2 55. c6 1-0